Jeremías / (Record no. 33543)

MARC details
000 -LEADER
campo de control de longitud fija 00816nam a2200217 i 4500
001 - NÚMERO DE CONTROL
campo de control 33543
003 - IDENTIFICADOR DE NÚMERO DE CONTROL
campo de control ES-MaACL
005 - FECHA Y HORA DE LA ÚLTIMA TRANSACCIÓN
campo de control 20250817205857.0
007 - CAMPO FIJO DE DESCRIPCIÓN FÍSICA--INFORMACIÓN GENERAL
campo de control de longitud fija t|
008 - DATOS DE LONGITUD FIJA--INFORMACIÓN GENERAL
campo de control de longitud fija 030202s1967 sp ||||1| spa d
130 0# - ENTRADA PRINCIPAL--TÍTULO UNIFORME
Título uniforme Biblia.
Nombre de parte o sección de la obra A.T. Jeremías.
Lenguaje de la obra Español.
9 (RLIN) 119264
245 10 - MENCIÓN DEL TÍTULO
Título Jeremías /
Mención de responsabilidad, etc. traducción de Luis Alonso Schökel, Juan Mateos y José Mª Valverde ; introducciones y notas de Luis Alonso Schökel ; revisión exegética de Ernesto Vogt.
260 ## - PUBLICACIÓN, DISTRIBUCIÓN, ETC.
Lugar de publicación, distribución, etc. Madrid :
Nombre del editor, distribuidor, etc. Cristiandad,
Fecha de publicación, distribución, etc. [1967]
300 ## - DESCRIPCIÓN FÍSICA
Extensión 236 p. ;
Dimensiones 19 cm.
700 1# - ENTRADA AGREGADA--NOMBRE PERSONAL
Nombre de persona Alonso Schökel, Luis.
9 (RLIN) 181472
700 1# - ENTRADA AGREGADA--NOMBRE PERSONAL
Nombre de persona Valverde, José María,
Fechas asociadas al nombre 1926-1996
9 (RLIN) 113013
700 1# - ENTRADA AGREGADA--NOMBRE PERSONAL
Nombre de persona Vogt, Ernest,
Fechas asociadas al nombre 1903-1984
9 (RLIN) 115663
700 1# - ENTRADA AGREGADA--NOMBRE PERSONAL
Nombre de persona Mateos, Juan (
Fechas asociadas al nombre 1917-2003)
9 (RLIN) 152355
852 ## - LOCALIZACIÓN
Ubicación ES-MaACL
Número de control de estantería C-31966
Sublocalización o colección R.62662
Holdings
Estatus retirado Estado de pérdida Estado de daño No para préstamo Biblioteca de origen Biblioteca actual Ubicación en estantería Fecha de adquisición Fuente de adquisición Total de préstamos Signatura topográfica completa Código de barras Visto por última vez Precio de reemplazo Tipo de ítem Koha
        Biblioteca del Ateneo de Madrid Biblioteca del Ateneo de Madrid Depósito 2 17/01/2008     C-31966 1034902 23/02/2023 23/02/2023 Libro impreso